000 00576nam a2200229Ia 4500
003 OSt
005 20221005124347.0
006 a|||||r|||| 00| 0
007 ta
008 221004b |||||||| |||| 00| 0 eng d
024 _a58560
037 _cTextual
040 _aCRL
_cCRL
_beng
041 _2eng
_aeng
082 _aV2:25xM69w, J02
100 _aPolak Millie Graham
_9635096
245 0 _aMr. Gandhi
_b The man
260 _c1950
650 _aHISTORY
942 _hV2:25xM69w, J02
_cTEXL
_2cc
999 _c1050234
_d1050234